1687 1821 1180 1532 1459 1601 1171 1258 1341 1019 1891 1501 1369 1225 1491 1653 1379 1340 1236 1255 1118 1136 1197 1634 1733 1176 1253 1217 1963 1718 1306 1632 1845 1243 1845 1776 1355 1253 1306 1092 1539 1662 1947 1415 1321 1364 1503 1313 1969 1429 1055 1777 1116 1964 1916 1461 1326 1247 1001 1181 1796 1951 1542 1648 1820 1324 1281 1285 1131 1821 1306 1502 1404 1905 1413 1729 1632 1508 1942 1684 1232 1635 1109 1912 1170 1288 1013 1108 1540 1824 1098 1161 1230 1903 1826 1933 1594 1571 1489 BCNSPRNW ULIB Ver.6.0+V

เปลี่ยนเป็นภาษาไทย

Change to English
 แสดงรายละเอียดบรรณานุกรม
  กลับหน้าหลัก

Brief Record : Get Marc (ISO 2709) : E-mail record : QR code < ปิดหน้าต่าง
LEADER : 00000nam 2200000uu 4500
001    13399122418
003     ULIB
008    110627s2552||||th 000 0 tha d
020    9786115210060
090    นว.^bอ886ภ
100 0  H2O
245 00 ภารกิจรัก...พิทักษ์ใจ/^cH2O
250    พิมพ์ครั้งที่ 1
260    กรุงเทพฯ :^bมธุรดา,^c2552
300    253 หน้า
710 1  มธุรดา
945    ^p179^l0^i026019
995    ทศพร
999 ^a ใช้งานได้ทุกระบบ
รายการนี้ยังไม่มีแท็ก
คุณยังไม่ได้ล็อกอิน คุณสามารถมีกิจกรรมร่วมกับเว็บไซต์ได้ แต่ต้องล็อกอินก่อน ::
  ล็อกอิน

รายการสื่อสารสนเทศ

ลำดับที่ ประเภท เลขเรียก/บาร์โค้ด สถานที่ สถานะ
1. นวนิยาย
นวนิยาย
นว. อ886ภ ฉ.1 
  Barcode: 026019
ห้องสมุดวิทยาเขตสวรรค์ประชารักษ์
►นวนิยาย
บนชั้น
  ขอยืม

BibComment


ยังไม่เคยถูกคอมเมนท์

คอมเมนท์ทรัพยากรรายการนี้
  คอมเมนท์: ภารกิจรักพิทักษ์ใ..


 Copyright 2026. Bcnsprnw @Library